Arbi Khud Sikhaye / عربی خود سیکھے Urdu) / (Record no. 187793)
[ view plain ]
| 000 -LEADER | |
|---|---|
| fixed length control field | 00427 a2200157 4500 |
| 003 - CONTROL NUMBER IDENTIFIER | |
| control field | NUST |
| 005 - DATE AND TIME OF LATEST TRANSACTION | |
| control field | 20230221132354.0 |
| 040 ## - CATALOGING SOURCE | |
| Transcribing agency | Nust |
| 082 ## - DEWEY DECIMAL CLASSIFICATION NUMBER | |
| Classification number | 297.1227,RAF |
| 100 ## - MAIN ENTRY--PERSONAL NAME | |
| Personal name | Rafi ,Ullah |
| 9 (RLIN) | 109343 |
| 245 ## - TITLE STATEMENT | |
| Title | Arbi Khud Sikhaye / عربی خود سیکھے Urdu) / |
| Statement of responsibility, etc. | Rafi Ullah |
| 260 ## - PUBLICATION, DISTRIBUTION, ETC. | |
| Place of publication, distribution, etc. | Lahore |
| Name of publisher, distributor, etc. | Muktaba Deen -O-Danish |
| Date of publication, distribution, etc. | 1976 |
| 300 ## - PHYSICAL DESCRIPTION | |
| Extent | 256 .; |
| 650 ## - SUBJECT ADDED ENTRY--TOPICAL TERM | |
| Topical term or geographic name entry element | Arabic Language |
| 9 (RLIN) | 109344 |
| 942 ## - ADDED ENTRY ELEMENTS (KOHA) | |
| Source of classification or shelving scheme | |
| Koha item type | Book |
| Call number prefix | 297.1227,RAF |
| Withdrawn status | Lost status | Source of classification or shelving scheme | Damaged status | Not for loan | Permanent Location | Current Location | Shelving location | Date acquired | Full call number | Barcode | Date last seen | Price effective from | Koha item type | Public note |
|---|---|---|---|---|---|---|---|---|---|---|---|---|---|---|
| Military College of Signals (MCS) | Military College of Signals (MCS) | General Stacks | 12/12/2016 | 297.1227,RAF | MCS34042 | 12/08/2016 | 12/12/2016 | Book | Almirah No.63, Shelf No.5 | |||||
| Military College of Signals (MCS) | Military College of Signals (MCS) | General Stacks | 12/12/2016 | 297.1227,RAF | MCS34043 | 12/08/2016 | 12/12/2016 | Book | Almirah No.63, Shelf No.5 | |||||
| Military College of Signals (MCS) | Military College of Signals (MCS) | General Stacks | 12/12/2016 | 297.1227,RAF | MCS34044 | 12/08/2016 | 12/12/2016 | Book | Almirah No.63, Shelf No.5 | |||||
| Military College of Signals (MCS) | Military College of Signals (MCS) | General Stacks | 12/12/2016 | 297.1227,RAF | MCS34045 | 12/08/2016 | 12/12/2016 | Book | Almirah No.63, Shelf No.5 | |||||
| Military College of Signals (MCS) | Military College of Signals (MCS) | General Stacks | 12/12/2016 | 297.1227,RAF | MCS34046 | 12/08/2016 | 12/12/2016 | Book | Almirah No.63, Shelf No.5 | |||||
| Military College of Signals (MCS) | Military College of Signals (MCS) | General Stacks | 12/12/2016 | 297.1227,RAF | MCS34047 | 12/08/2016 | 12/12/2016 | Book | Almirah No.63, Shelf No.5 | |||||
| Military College of Signals (MCS) | Military College of Signals (MCS) | General Stacks | 12/12/2016 | 297.1227,RAF | MCS34048 | 12/08/2016 | 12/12/2016 | Book | Almirah No.63, Shelf No.5 | |||||
| Military College of Signals (MCS) | Military College of Signals (MCS) | General Stacks | 12/12/2016 | 297.1227,RAF | MCS34049 | 12/08/2016 | 12/12/2016 | Book | Almirah No.63, Shelf No.5 |
